Indian wisdom and international peace : (Record no. 126624)

MARC details
000 -LEADER
fixed length control field 00792nam a22002297a 4500
005 - DATE AND TIME OF LATEST TRANSACTION
control field 20170124110012.0
010 ## - LIBRARY OF CONGRESS CONTROL NUMBER
LC control number A-318928
020 ## - INTERNATIONAL STANDARD BOOK NUMBER
Terms of availability 00.00
International Standard Book Number 8121201187
035 ## - SYSTEM CONTROL NUMBER
System control number A-318928
037 ## - SOURCE OF ACQUISITION
Source of stock number/acquisition Cen Lib/Ret
040 ## - CATALOGING SOURCE
Original cataloging agency DPL
Language of cataloging EN
082 ## - DEWEY DECIMAL CLASSIFICATION NUMBER
Classification number 341.1
Item number VYA
100 ## - MAIN ENTRY--PERSONAL NAME
Personal name Vyas, R.N.
9 (RLIN) 18013
245 ## - TITLE STATEMENT
Title Indian wisdom and international peace :
Statement of responsibility, etc by R.N.Vyas
Remainder of title from the vedas & lord shrikrishna to ex-prime minister Morarji Desai with supplementary western thoughts /
260 ## - PUBLICATION, DISTRIBUTION, ETC. (IMPRINT)
Place of publication, distribution, etc Delhi
Name of publisher, distributor, etc Gian Publishing House
Date of publication, distribution, etc 1987
270 ## - ADDRESS
Address 29/6, Shakti Nagar
City Delhi
Postal code 110007
300 ## - PHYSICAL DESCRIPTION
Extent ix,176p.
Dimensions 18cm(Hb)
500 ## - GENERAL NOTE
General note Includes index
650 ## - SUBJECT ADDED ENTRY--TOPICAL TERM
Topical term or geographic name as entry element Peace -- Moral and ethical aspects.
9 (RLIN) 18014
650 ## - SUBJECT ADDED ENTRY--TOPICAL TERM
Topical term or geographic name as entry element Peace movements -- India.
9 (RLIN) 18015
942 ## - ADDED ENTRY ELEMENTS (KOHA)
Source of classification or shelving scheme Dewey Decimal Classification
Koha item type English Books
Classification part 341.1
Call number suffix VYA
Holdings
Withdrawn status Lost status Damaged status Not for loan Home library Current library Date acquired Source of acquisition Cost, normal purchase price Total Checkouts Full call number Barcode Date last seen Copy number Cost, replacement price Price effective from Koha item type Public note
Written off       Central Library Central Library 26/06/2015 Cen Lib/Ret 0.00   341.1 VYA A-318928 26/06/2015 1 0.00 26/06/2015 English Books Written off on approval by DLB (By Circulation); dtd 15-06-2023

© Delhi Public Library
Hit Counter
free hit counter